| 000 | 00907cam a2200337 i 4500 | ||
|---|---|---|---|
| 001 | 0000458 | ||
| 003 | DO-SdBPM | ||
| 005 | 20250211083755.0 | ||
| 007 | 0000458 | ||
| 008 | 100514s2008 mx | |||| 000 f spa | ||
| 015 | _a | ||
| 017 |
_a _b |
||
| 020 | _a9789707701502 | ||
| 035 | _a | ||
| 040 |
_aDO-SdBPM _bspa _cBPMSU _e |
||
| 080 | _a | ||
| 082 | 4 |
_a863.6 _bM255c 2005 _222 |
|
| 100 | 1 |
_aMallorquí, César _d1953- |
|
| 245 | 1 | 3 |
_aLa compañía de las moscas / _cCésar Mallorquí. |
| 260 |
_aMéxico : _bAlfaguara, _c2008 |
||
| 300 |
_a254 p. ; _c22 cm |
||
| 490 | 0 | _aAlfaguara ; | |
| 500 | _a Incluye datos biográficos del autor | ||
| 500 | _a | ||
| 590 | _aInventariado, 2025/VM | ||
| 650 | 4 | _aNovela juvenil española. | |
| 650 | 4 |
_aImaginación _vNovela juvenil. |
|
| 650 | 4 |
_aLocura _vNovela juvenil. |
|
| 910 | _aVMateo V. Control de calidad. BPMSU | ||
| 942 |
_2ddc _cBK |
||
| 999 |
_c10619 _d10619 |
||